| 000 | 01033cam a22003137a 4500 | ||
|---|---|---|---|
| 003 | CHAP | ||
| 005 | 20220329135008.0 | ||
| 008 | 971013c19661951 r 00010 d | ||
| 010 | _a29222 | ||
| 011 | _a30194 | ||
| 035 | _a34306 | ||
| 040 | _cCHAP | ||
| 082 |
_a330.973 _bL4 |
||
| 100 | 0 | 0 |
_aLeontief, Wassily W. _966077 |
| 245 | 1 | 4 |
_athe structure of American economy 1919-1939 _b: an empirical application of equilibrium analysis |
| 250 | _a2 ed. | ||
| 260 |
_aNew York : _bOxford University, _c1966 (c.1951) |
||
| 300 | _a264 p. | ||
| 590 |
_aBATCH-UPD _b10 _c20130110 _lUCH01 _h0117 |
||
| 590 |
_aBATCH-UPD _b10 _c20130409 _lUCH01 _h2109 |
||
| 590 |
_aBATCH-UPD _b10 _c20130410 _lUCH01 _h1445 |
||
| 590 |
_aBATCH-UPD _b10 _c20130914 _lUCH01 _h1225 |
||
| 590 |
_aCONVERSION _b10 _c20130109 _lUCH01 _h1317 |
||
| 650 | 1 | 4 |
_aE.U.A. _xCondiciones económicas. _934838 |
| 650 | 1 | 4 |
_aPolítica económica _xE.U.A. _990503 |
| 901 | _aBK | ||
| 942 | _cLIBRO | ||
| 949 |
_a330.973 L4 _bBC _cLIBRO _d33724000330650 _eLIBRO _h29420 _i34306 _si _t305.00 |
||
| 999 |
_c29222 _d29222 |
||